书目信息 |
| 题名: |
触发需求
|
|
| 作者: | 何足奇 著 | |
| 分册: | 水产 | |
| 出版信息: | 北京 企业管理出版社 2016.10 |
|
| 页数: | 241页 | |
| 开本: | 25cm | |
| 丛书名: | 博瑞森管理丛书 | |
| 单 册: | ||
| 中图分类: | F713.36 , F724.6 | |
| 科图分类: | ||
| 主题词: | 水产品--shui chan pin--网络营销--中国 , 商业经济--国内 | |
| 电子资源: | ||
| ISBN: | 978-7-5164-1314-2 | |
| 000 | 01294nam 2200325 450 | |
| 001 | CAL 0120162007011 | |
| 005 | 20171222184220.25 | |
| 010 | @a978-7-5164-1314-2@b精装@dCNY86.00 | |
| 100 | @a20160923d2016 em y0chiy50 ea | |
| 101 | 0 | @achi |
| 102 | @aCN@b110000 | |
| 105 | @aak z 000yy | |
| 106 | @ar | |
| 200 | 1 | @a触发需求@Achu fa xu qiu@e互联网新营销样本@g@i水产@f何足奇著 |
| 210 | @a北京@c企业管理出版社@d2016.10 | |
| 215 | @a241页@c图@d25cm | |
| 225 | 2 | @a博瑞森管理丛书@Abo rui sen guan li cong shu |
| 314 | @a何足奇, 原本智造网络科技有限公司创始人, 鲜誉海洋科技有限公司董事长, 著名品牌营销实战专家。 | |
| 330 | @a本书主要提供了互联网时代水产营销的新思路和新方法, 从整体战略, 从产业、产品和社群推广等方面都进行了细致的论述, 对其他传统企业也有很大的启发性, 带领和推动整个水产行业进入移动互联的新时代和新阶段, 为转型期的更多有集体性困惑的水产人指明方向和道路。 | |
| 410 | 0 | @12001 @a博瑞森管理丛书 |
| 517 | 1 | @a互联网新营销样本@Ahu lian wang xin ying xiao yang ben@a水产 |
| 517 | 1 | @a水产@Ashui chan |
| 606 | 0 | @a水产品@Ashui chan pin@x网络营销@y中国 |
| 606 | 0 | @a商业经济@x国内 |
| 690 | @aF713.36@v5 | |
| 690 | @aF724.6@v5 | |
| 701 | 0 | @a何足奇@Ahe zu qi@4著 |
| 801 | 0 | @aCN@b人天书店@c20160923@g |
| 905 | @aBZT@dF713.36@e41-1 | |
| 906 | @dCNY86.00@n3@r1 | |
| 触发需求:互联网新营销样本.水产/何足奇著.-北京:企业管理出版社,2016.10 |
| 241页:图;25cm.-(博瑞森管理丛书) |
| ISBN 978-7-5164-1314-2(精装):CNY86.00 |
| 本书主要提供了互联网时代水产营销的新思路和新方法, 从整体战略, 从产业、产品和社群推广等方面都进行了细致的论述, 对其他传统企业也有很大的启发性, 带领和推动整个水产行业进入移动互联的新时代和新阶段, 为转型期的更多有集体性困惑的水产人指明方向和道路。 |
| ● |
| 相关链接 |
|
|
|
正题名:触发需求
索取号:F713.36/41-1
 
预约/预借
| 序号 | 登录号 | 条形码 | 馆藏地/架位号 | 状态 | 备注 |
| 1 | 836539 | 2000836539 | 第二书库/ [索取号:F713.36/41-1] | 在馆 | |
| 2 | 836540 | 2000836540 | 第二书库/ [索取号:F713.36/41-1] | 在馆 | |
| 3 | 836541 | 2000836541 | 第二书库/ [索取号:F713.36/41-1] | 在馆 |